02114cam a22004215i 450000100090000000300090000900500170001800800410003502000250007602000220010103500240012304000430014708200200019010000640021024501530027424600240042725000200045126400470047126400100051830000450052833600260057333700280059933800270062749000300065450000420068450000260072650000240075250400520077650504590082852000940128765000530138165000550143465300240148965500240151394200120153799900170154995201260156617449704EG-ScBUE20250723085613.0120831t2014 nyua f bd 001 0 eng d a9780071811347 (pbk.) a0071811346 (pbk.) a(OCoLC)ocn806018701 aEG-ScBUEbengerdacEG-ScBUEdEG-ScBUE04a540.76bGOL2221 aGoldberg, David E.q(David Elliott),d1932-941305eauthor.10aSchaum's outlines : bbeginning chemistry /cDavid E. Goldberg, PhD, professor emeritus of chemistry, Brooklyn College, City University of New York.30aBeginning chemistry aFourth edition. 1aNew York :bMcGraw-Hill Education,c[2014] 4cc2014 axi, 368 pages :billustrations ;c28 cm. 2rdacontentatextbtxt aunmediated2rdamediabn avolumebnc2rdacarrier0 aSchaum’s outline series aAt head of title : Schaum's outlines. aIncludes Appendices.  aIncludes glossary.  aIncludes bibliographical references and index. 0 aBasic concepts -- Mathematical methods in chemistry -- Atoms and atomic masses -- Electronic configuration of the atom -- Chemical bonding -- Inorganic nomenclature -- Formula calculations -- Chemical equations -- Net ionic equations -- Stiochiometry -- Molarity -- Gases -- Kinetic molecular theory -- Oxidation and reduction -- Solutions -- Rates and equilibrium -- Acid-base theory -- Organic chemistry -- Nuclear reactions -- Scientific calculations. aIncludes 673 fully solved problems and examples with explanations of chemistry concepts. 7aChemistryvOutlines, syllabi, etc.2BUEsh941306 7aChemistryvProblems, exercises, etc.2BUEsh941307 bENGELCcOctober2016 vReading book934232 2ddccBB c22443d22415 00102ddc40708BaccahaMAINbMAINc1STd2016-10-03ePurchaseg260.00l0o540.76 GOLp000033792r2025-07-15 00:00:00yBB